000 00682nam a2200229Ia 4500
003 OSt
005 20221002053754.0
006 a|||||r|||| 00| 0
007 ta
008 220930b |||||||| |||| 00| 0 eng d
024 _a57136
037 _cReference Collections
040 _aCRL
_cCRL
_beng
041 _2eng
_aeng
082 _aV2:1:N3, G73-;1(RR)
100 _aKhosla K R, Comp.
_9575183
245 0 _aHis Imperial Majesty King George V and the princes of India the Indian empire, ed by R P Chatterjee.
260 _c1937
650 _aHISTORY
942 _hV2:1:N3, G73-;1(RR)
_cref
_2CC
999 _c923149
_d923149